[Event "ENHM/Rethel"]
[Site "?"]
[Date "2014.12.14"]
[Round "2"]
[White "Lambert, Alban"]
[Black "Lemoine, Jean Claude"]
[Result "1-0"]
[WhiteElo "1650"]
[BlackElo "1399"]
[PlyCount "58"]
[EventDate "2014.12.16"]
[SourceDate "2014.12.16"]

1. c4 Nf6 2. d4 c5 3. Nc3 e6 4. d5 e5 5. e4 d6 6. f4 Nbd7 7. Nf3 a6 8. fxe5
Nxe5 9. Nxe5 dxe5 10. Be2 b5 11. cxb5 Qa5 12. Bd2 Rb8 13. O-O Qb6 14. bxa6 c4+
15. Kh1 Bb4 16. Bxc4 Bxc3 17. Bxc3 Nxe4 18. Bxe5 Nf2+ 19. Rxf2 Qxf2 20. Bxb8
O-O 21. a7 Bh3 22. gxh3 Qe3 23. a8=Q Qe4+ 24. Kg1 Qe3+ 25. Kg2 Qg5+ 26. Qg4
Qd2+ 27. Be2 Re8 28. Be5 Qxe2+ 29. Qxe2 Rxa8 1-0

[Event "ENHM/Rethel"]
[Site "?"]
[Date "2014.12.14"]
[Round "2"]
[White "Laurain, Hery Dominic"]
[Black "Monveau, Etienne"]
[Result "0-1"]
[WhiteElo "1550"]
[BlackElo "1726"]
[PlyCount "145"]
[EventDate "2014.12.16"]
[SourceDate "2014.12.16"]

1. Nf3 e6 2. b3 c5 3. e3 Nf6 4. Bb2 d5 5. c4 Nc6 6. d4 cxd4 7. Nxd4 Bb4+ 8. Nc3
Ne4 9. Qc2 Nxd4 10. exd4 Qa5 11. Rc1 Qxa2 12. Bd3 Bxc3+ 13. Bxc3 Qxc2 14. Rxc2
Nxc3 15. Rxc3 dxc4 16. bxc4 Bd7 17. O-O O-O 18. Ra1 Bc6 19. f3 Rfd8 20. d5 exd5
21. cxd5 Bxd5 22. Rc7 a6 23. Be4 Rab8 24. Re1 Re8 25. Rd1 Bxe4 26. fxe4 Rxe4
27. Rdd7 Rf4 28. Rxb7 Rc8 29. Rbc7 Re8 30. Re7 Kf8 31. Rxe8+ Kxe8 32. Ra7 Rf6
33. Ra8+ Kd7 34. Ra7+ Kc8 35. Re7 Kb8 36. Re2 a5 37. Ra2 Ra6 38. Kf2 Kc7 39.
Rc2+ Rc6 40. Ra2 Kb6 41. Rb2+ Ka6 42. Ra2 Rc4 43. Ke3 Kb5 44. Rb2+ Rb4 45. Ra2
a4 46. Kd3 Rb3+ 47. Kd4 Kb4 48. Rf2 f6 49. Rc2 a3 50. Rc4+ Ka5 51. Rc8 Rb4+ 52.
Kc3 Re4 53. Kb3 Re3+ 54. Ka2 Kb4 55. Rb8+ Kc4 56. Rc8+ Kd5 57. Rd8+ Ke5 58. Rd2
f5 59. g3 g5 60. Rc2 Ke4 61. Rc7 f4 62. gxf4 gxf4 63. Rxh7 f3 64. Re7+ Kf4 65.
Rf7+ Kg4 66. Rg7+ Kh3 67. Rh7+ Kg2 68. Rg7+ Kxh2 69. Rh7+ Kg2 70. Rg7+ Kf1 71.
Rf7 f2 72. Rc7 Kg2 73. Rg7+ 0-1

[Event "ENHM/Rethel"]
[Site "?"]
[Date "2014.12.14"]
[Round "2"]
[White "Pierlot, Aurore"]
[Black "Peteuil, Camille"]
[Result "1-0"]
[WhiteElo "1510"]
[BlackElo "1470"]
[PlyCount "107"]
[EventDate "2014.12.16"]
[SourceDate "2014.12.16"]

1. e4 e5 2. Nf3 Nc6 3. Bc4 Bc5 4. d3 h6 5. Nc3 Nf6 6. a3 a6 7. b4 Ba7 8. O-O d6
9. h3 g5 10. g4 Nh7 11. Nd5 Rg8 12. Nh2 h5 13. Be3 Nf6 14. Qf3 Nxd5 15. Bxd5
Qe7 16. gxh5 Nd4 17. Bxd4 Bxd4 18. Rac1 c6 19. Bb3 a5 20. Ng4 Bxg4 21. hxg4 Rh8
22. Qf5 Bb2 23. Rb1 Bxa3 24. bxa5 Bb4 25. Kg2 Bc3 26. Rh1 Rxa5 27. Qc8+ Qd8 28.
Qxb7 Qd7 29. Qb8+ Qd8 30. Qxd8+ Kxd8 31. Bxf7 Ke7 32. Rb7+ Kf6 33. Rhb1 Bd4 34.
Bg6 Ra2 35. Rf7+ Ke6 36. Rbb7 d5 37. exd5+ Kxd5 38. Rfd7+ Kc5 39. Be4 Rxc2 40.
Rf7 Rh6 41. Ra7 Kb5 42. Rfb7+ Kc5 43. Ra5+ Kd6 44. Rf7 Rc3 45. Rf8 Rc2 46. Rd8+
Ke7 47. Rda8 Bxf2 48. Rxe5+ Kd6 49. Rxg5 $4 Be3+ 50. Kf3 Bxg5 51. Rg8 Rf6+ 52.
Bf5 Bh6 53. Rd8+ Ke5 $4 54. d4# 1-0

[Event "N4 - Reims / Epernay"]
[Site "?"]
[Date "2015.01.06"]
[Round "3.1"]
[White "Massart, Jeremy"]
[Black "Crepaux, Jean Marie"]
[Result "1-0"]
[WhiteElo "1880"]
[BlackElo "1864"]
[PlyCount "39"]
[EventDate "2015.01.05"]
[SourceDate "2015.01.06"]

1. e4 e5 2. Nf3 Nc6 3. d4 exd4 4. Nxd4 Bc5 5. Be3 Qf6 6. Nb5 (6. c3) 6... Bxe3
7. fxe3 Qd8 8. Qg4 g6 9. Qf4 d6 10. Bc4 Ne5 11. O-O Qe7 12. N1c3 g5 13. Qf2 c6
14. Nxd6+ Qxd6 15. Bxf7+ Ke7 16. Rad1 Qc7 (16... Ng4 {pour tenir} 17. Rxd6 Nxf2
18. Rd2 Ng4) 17. Be8 Nh6 18. Qf6+ Kxe8 19. Qxh8+ Ke7 20. Qf8+ 1-0

[Event "N4 - Reims / Epernay"]
[Site "?"]
[Date "2015.01.06"]
[Round "3.2"]
[White "Puech, Armel"]
[Black "Magnier, Christophe"]
[Result "1/2-1/2"]
[WhiteElo "1824"]
[BlackElo "1825"]
[PlyCount "81"]
[EventDate "2015.01.05"]
[SourceDate "2015.01.06"]

1. e4 e5 2. Nf3 Nc6 3. Bc4 Nf6 4. Nc3 Bc5 5. d3 d6 6. Bg5 h6 7. Bxf6 Qxf6 8.
Nd5 Qd8 9. c3 Na5 10. b4 Nxc4 11. bxc5 Na5 12. cxd6 Qxd6 13. Ne3 O-O 14. O-O c5
15. Qa4 Nc6 16. Rfd1 Bd7 17. Qc2 Rac8 18. Rab1 b5 19. Qd2 b4 20. cxb4 cxb4 21.
Nd5 Bg4 22. Nxb4 Nd4 23. Nxd4 Qxd4 24. Rdc1 f5 25. Nc2 Qa4 26. Ne3 h5 27. h3 f4
28. Nxg4 hxg4 29. hxg4 Rcd8 30. Rd1 f3 31. Qb2 Qe8 32. Qb5 Qe7 33. d4 Qh4 34.
Qxe5 fxg2 35. Kxg2 Rxf2+ 36. Kg1 Rdf8 37. Qd5+ R2f7 38. Rd2 Qxg4+ 39. Rg2 Qh4
40. Rf1 Kh8 41. Rxf7 1/2-1/2

[Event "N4 - Reims / Epernay"]
[Site "?"]
[Date "2015.01.06"]
[Round "3.3"]
[White "Barat, Jacques"]
[Black "Marchal, Ludovic"]
[Result "1/2-1/2"]
[WhiteElo "1798"]
[BlackElo "1670"]
[PlyCount "68"]
[EventDate "2015.01.05"]
[SourceDate "2015.01.06"]

1. d4 Nf6 2. Nf3 g6 3. c4 Bg7 4. Nc3 O-O 5. e4 d6 6. Be2 e5 7. d5 a5 8. Bg5 h6
9. Be3 Ng4 10. Bd2 f5 11. h3 Nf6 12. Bd3 Na6 13. Bc2 Nc5 14. exf5 gxf5 15. Qe2
Bd7 16. O-O-O c6 17. Be3 Nce4 18. Na4 Ra6 19. dxc6 Bxc6 20. Nxe5 Qc7 21. Nxc6
Rxc6 22. Kb1 Kh8 23. Bb3 Nd7 24. Rd5 Ne5 25. Rc1 f4 26. Bd4 Nf6 27. Rb5 Nfd7
28. Qe4 Nc5 29. Nxc5 dxc5 30. Bc2 Bf6 31. Qxf4 cxd4 32. Qxh6+ Kg8 33. Be4 Qg7
34. Bd5+ Nf7 1/2-1/2

[Event "N4 - Reims / Epernay"]
[Site "?"]
[Date "2015.01.06"]
[Round "3.4"]
[White "Massart, Sylvain"]
[Black "Jouniaux, Quentin"]
[Result "0-1"]
[WhiteElo "1460"]
[BlackElo "1688"]
[Annotator "Marc"]
[PlyCount "102"]
[EventDate "2015.01.05"]
[SourceDate "2015.01.06"]

1. e4 d5 2. exd5 Qxd5 3. Nc3 Qa5 4. d3 Nf6 5. Bd2 c6 6. Ne4 Qb6 7. Nxf6+ exf6
8. Qe2+ Be6 9. Bc3 Bb4 10. Nf3 Bxc3+ 11. bxc3 Qb2 12. Rd1 Qxc3+ 13. Rd2 Na6 14.
g3 Nb4 15. Bg2 Nxc2+ 16. Kf1 Qa1+ 17. Ne1 Qxe1+ 18. Qxe1 Nxe1 19. Kxe1 O-O-O
20. f4 Bf5 21. d4 Be4 22. Bxe4 Rhe8 23. Re2 Rxd4 24. Bf5+ Kd8 25. Rxe8+ Kxe8
26. Ke2 g6 27. Bc2 c5 28. Ke3 b5 29. Bb3 a5 30. Rc1 f5 31. Rxc5 Re4+ 32. Kd3 f6
33. a3 a4 34. Bd5 Re1 35. Rc2 Rd1+ 36. Rd2 Ra1 37. Bc6+ Ke7 38. Bxb5 Rxa3+ 39.
Kc4 g5 40. Kb4 Re3 41. Kxa4 gxf4 42. gxf4 Re4+ 43. Kb3 Rxf4 44. Rd7+ Ke6 45.
Rxh7 Rf3+ 46. Kc2 Ke5 47. Kd2 Kf4 48. Rh4+ Kg5 49. Rh8 Rf4 50. Ke3 Re4+ 51. Kf3
Rf4+ {Inscrit sur la feuille 2 coups interdits ? car je ne vois pas comment
les noirs peuvent gagner ???} 0-1

[Event "N4 Blagny - Troyes"]
[Site "?"]
[Date "2015.01.11"]
[Round "4.1"]
[White "Fourcart, Maxence"]
[Black "Guyot, Philippe"]
[Result "1-0"]
[WhiteElo "2066"]
[BlackElo "1969"]
[PlyCount "103"]
[EventDate "2015.01.11"]
[SourceDate "2015.01.11"]

1. d4 e6 2. c4 Bb4+ 3. Bd2 Bxd2+ 4. Nxd2 Nf6 5. Ngf3 O-O 6. g3 b6 7. Bg2 Bb7 8.
O-O d6 9. Qc2 Nbd7 10. e4 e5 11. Rfe1 Re8 12. Nf1 Rb8 13. d5 a5 14. a3 Qe7 15.
b4 axb4 16. axb4 Ra8 17. Ne3 Qf8 18. Nd2 Rxa1 19. Rxa1 Ra8 20. Qb2 Rxa1+ 21.
Qxa1 Qa8 22. Qxa8+ Bxa8 23. Bh3 Bb7 24. Kg2 g6 25. f4 Kg7 26. Kf3 Ba6 27. Nb3
h6 28. Nc1 b5 29. Bf1 bxc4 30. Bxc4 Bc8 31. Nd3 h5 32. Bb5 exf4 33. gxf4 Nb6
34. Bc6 Ng4 35. Nxg4 Bxg4+ 36. Kg3 f6 37. b5 Be2 38. Nb4 Kf7 39. Na6 Bd3 40.
Kf3 g5 41. Nxc7 g4+ 42. Ke3 Bf1 43. Be8+ Ke7 44. Bxh5 Kd7 45. Ne6 f5 46. Nd4
fxe4 47. Bxg4+ Kd8 48. Kxe4 Ke7 49. Nf5+ Kd8 50. Nxd6 Kc7 51. Ke5 Bg2 52. Be6
1-0

[Event "N4 Blagny - Troyes"]
[Site "?"]
[Date "2015.01.11"]
[Round "4.2"]
[White "Hascher, Nicolas"]
[Black "Salentiny, Eric"]
[Result "1-0"]
[WhiteElo "1939"]
[BlackElo "1948"]
[Annotator ",marc"]
[PlyCount "81"]
[EventDate "2015.01.11"]
[SourceDate "2015.01.11"]

1. d4 Nf6 2. Nf3 g6 3. c4 Bg7 4. Nc3 O-O (4... d5 {évite pour l'instant e4}) 5.
e4 d6 6. Be2 Bg4 7. Nd2 Bxe2 8. Qxe2 e5 9. d5 Nh5 10. g3 f5 11. Rb1 Qd7 12. b4
c6 13. Nf3 cxd5 14. cxd5 fxe4 15. Nxe4 Nf6 16. Nxf6+ Bxf6 17. O-O Na6 18. Be3
Nc7 19. Rfd1 Nb5 20. Rbc1 Rfc8 21. Rxc8+ Rxc8 22. Rc1 Rxc1+ 23. Bxc1 Nc7 24.
Be3 a6 25. Qc4 Qf7 26. Nd2 Nxd5 27. Ne4 Nxe3 28. Nxf6+ Kg7 29. Ne8+ Qxe8 30.
fxe3 Qd7 31. Qd5 h5 32. a4 Kh6 33. b5 Qc7 34. e4 Qc1+ 35. Kg2 Qc2+ 36. Kh3 Qf2
37. Qxd6 Qf1+ 38. Kh4 Qf2 39. h3 Qf3 40. Qxe5 Qf8 $4 (40... Qxe4+ $3 41. Qxe4
g5#) 41. Qf4+ 1-0

[Event "N4 Blagny - Troyes"]
[Site "?"]
[Date "2015.01.11"]
[Round "4.6"]
[White "Roussel, Julien"]
[Black "Beaudiot, Alain"]
[Result "1-0"]
[WhiteElo "1740"]
[BlackElo "1575"]
[PlyCount "80"]
[EventDate "2015.01.11"]
[SourceDate "2015.01.11"]

1. d4 Nf6 2. Nf3 g6 3. Bf4 Bg7 4. c3 b6 5. Nbd2 Bb7 6. Qc2 Nh5 7. Be5 Bxe5 8.
Nxe5 O-O 9. e4 d6 10. Ng4 Nd7 11. Be2 Nhf6 12. h4 e5 13. d5 c6 14. dxc6 Bxc6
15. O-O-O b5 16. Nxf6+ Qxf6 17. f3 a5 18. Nf1 Rfc8 19. Qd2 b4 20. c4 Bb5 21.
Kb1 Bxc4 22. Bxc4 Rxc4 23. Qxd6 Qxd6 24. Rxd6 Rd4 25. Rxd4 exd4 26. Nd2 a4 27.
Rc1 d3 28. Rc7 Ne5 29. Rc5 f6 30. Nc4 Nxc4 31. Rxc4 Rd8 32. Kc1 b3 33. axb3
axb3 34. Kd2 Kf7 35. Rc3 Ke6 36. Rxb3 Ke5 37. g3 f5 38. exf5 gxf5 39. Rxd3 Rb8
40. b3 Ra8 1-0

[Event "N4 Blagny - Troyes"]
[Site "?"]
[Date "2015.01.11"]
[Round "4.7"]
[White "Chebridon, Jean Louis"]
[Black "Roussel, Jean Marc"]
[Result "0-1"]
[WhiteElo "1513"]
[BlackElo "1690"]
[PlyCount "48"]
[EventDate "2015.01.11"]
[SourceDate "2015.01.11"]

1. b3 e5 2. Bb2 Nc6 3. e3 Nf6 4. Nf3 d6 5. Be2 Be7 6. O-O O-O 7. c4 Nd7 8. d4
exd4 9. exd4 Bf6 10. Nc3 Re8 11. Nd5 Ne7 12. Nxf6+ Nxf6 13. d5 Ng6 14. Bd3 Bd7
15. Qc2 Nf4 16. Bxf6 Qxf6 17. Bxh7+ Kh8 18. Be4 Re7 19. Rfe1 Rae8 20. Re3 Rxe4
21. Rae1 Rxe3 22. fxe3 Ng6 23. Qf2 Ne5 24. Nd4 Qxf2+ 0-1

[Event "N4 Blagny - Troyes"]
[Site "?"]
[Date "2015.01.12"]
[Round "4.8"]
[White "Prost, Catherine"]
[Black "Habran, Gael"]
[Result "0-1"]
[WhiteElo "1280"]
[BlackElo "1535"]
[PlyCount "48"]
[EventDate "2015.01.11"]
[SourceDate "2015.01.12"]

1. Nf3 d5 2. b3 d4 3. Bb2 c5 4. d3 Nc6 5. Nbd2 Nf6 6. g3 g6 7. Bg2 Bg7 8. O-O
O-O 9. Rc1 e5 10. c3 Nd5 11. cxd4 cxd4 12. a3 Be6 13. b4 a5 14. b5 Nce7 15. a4
Nb6 16. Ng5 Bd5 17. Bxd5 Nexd5 18. Qb3 Qxg5 19. Nf3 Qe7 20. Ba3 Nb4 21. Ne1
Rfc8 22. Nc2 N6d5 23. e3 Rc3 24. e4 Rxb3 0-1

[Event "N4 Blagny - Troyes"]
[Site "?"]
[Date "2015.01.12"]
[Round "4.4"]
[White "Ferrand, Christophe"]
[Black "Fourcart, Marc"]
[Result "1/2-1/2"]
[WhiteElo "1894"]
[BlackElo "1715"]
[PlyCount "109"]
[EventDate "2015.01.11"]
[SourceDate "2015.01.12"]

1. e4 c5 2. Nf3 d6 3. Bb5+ Nd7 4. O-O a6 5. Bc4 Ngf6 6. Re1 b5 7. Bf1 g6 8. d4
cxd4 9. Nxd4 Bg7 10. Nc3 Bb7 11. f3 O-O 12. Kh1 Rc8 13. Be3 Nc5 14. a3 Qc7 15.
Bd3 Nxd3 16. cxd3 Nd7 17. Rc1 Qa5 18. Nb3 Qd8 19. d4 Nb6 20. Na5 Ba8 21. Qd2
Nc4 22. Nxc4 Rxc4 23. Ne2 d5 24. e5 Qd7 25. b3 Rc6 26. Rxc6 Bxc6 27. Rc1 Rc8
28. Rc5 Bb7 29. b4 e6 30. Bh6 Bh8 31. Qc3 f6 32. Rxc8+ Bxc8 33. Qc5 Qe8 34. f4
Bd7 35. Nc1 fxe5 36. fxe5 Qf7 37. Kg1 Bg7 38. Bxg7 Kxg7 39. Qd6 Kh6 40. Qc7 Qf4
41. Qc3 Kg7 42. Nd3 Qe3+ 43. Kf1 Be8 44. Qc7+ Bf7 45. Nc5 Qc1+ 46. Ke2 Qb2+ 47.
Kf1 Qb1+ 48. Ke2 Qc2+ 49. Ke1 Qc3+ 50. Ke2 Qc4+ 51. Ke1 Qc3+ 52. Ke2 Qc2+ 53.
Ke1 Qc1+ 54. Ke2 Qb2+ 55. Ke1 1/2-1/2

[Event "N4 Blagny - Troyes"]
[Site "?"]
[Date "2015.01.12"]
[Round "4.3"]
[White "Hanot, Wilfried"]
[Black "Moine, Patrick"]
[Result "1-0"]
[WhiteElo "1805"]
[BlackElo "1836"]
[PlyCount "123"]
[EventDate "2015.01.11"]
[SourceDate "2015.01.12"]

1. b4 d5 2. Bb2 e6 3. b5 Nf6 4. e3 c5 5. c4 d4 6. exd4 cxd4 7. Nf3 Bc5 8. d3
O-O 9. Nbd2 Re8 10. Nb3 Bb4+ 11. Nfd2 e5 12. f3 b6 13. g3 Bb7 14. a3 Be7 15.
Bg2 Nbd7 16. O-O Rc8 17. Bh3 Rb8 18. Ne4 Bc8 19. Nbd2 Nc5 20. Nxf6+ Bxf6 21.
Bxc8 Qxc8 22. Ne4 Be7 23. Nxc5 Bxc5 24. Qd2 Rb7 25. Rae1 Rbe7 26. Re2 Qb7 27.
Qg5 Qd7 28. g4 Re6 29. Qf5 g6 30. Qe4 Qe7 31. Rfe1 Kh8 32. Kf1 Qf6 33. Qd5 Kg7
34. Kg2 h5 35. Qe4 Qg5 36. Bc1 Qh4 37. g5 Qxe4 38. Rxe4 f6 39. gxf6+ Kxf6 40.
h4 Bd6 41. Bg5+ Kf7 42. a4 Be7 43. Bxe7 R8xe7 44. Kg3 Ke8 45. f4 exf4+ 46. Kxf4
Rxe4+ 47. Rxe4 Rxe4+ 48. Kxe4 Kf7 49. Kxd4 Kf6 50. Ke4 g5 51. hxg5+ Kxg5 52.
Kf3 h4 53. d4 Kf5 54. c5 bxc5 55. dxc5 Ke6 56. c6 Kd6 57. Kg4 Kc7 58. Kxh4 a6
59. Kg4 Kb6 60. Kf5 a5 61. Ke5 Ka7 62. Kd6 1-0

[Event "N4 Blagny - Troyes"]
[Site "?"]
[Date "2015.01.12"]
[Round "4.5"]
[White "Romain, Adeline"]
[Black "Guillaume, Jean François"]
[Result "0-1"]
[WhiteElo "1660"]
[BlackElo "1806"]
[PlyCount "126"]
[EventDate "2015.01.11"]
[SourceDate "2015.01.12"]

1. d4 Nf6 2. Nf3 d6 3. e3 g6 4. Bd3 Bg7 5. O-O O-O 6. Nbd2 Nc6 7. a3 e5 8. h3
Re8 9. Bb5 e4 10. Nh2 a6 11. Bxc6 bxc6 12. Nc4 Nh5 13. Qe1 f5 14. c3 a5 15. Rb1
Ba6 16. Nxa5 Bxf1 17. Qxf1 Rxa5 18. Qc4+ Kh8 19. Qxc6 Re7 20. b4 Qa8 21. Qc4
Ra4 22. Qb3 Nf6 23. b5 Nd7 24. Nf1 Nb6 25. Nd2 d5 26. Qa2 Bf8 27. Nb3 Re8 28.
Qa1 Rc4 29. Bb2 Qa7 30. Nc5 Bxc5 31. dxc5 Na4 32. c6 Qc5 33. Bc1 Rb8 34. Rb4
Kg8 35. Bd2 Rxb5 36. Kh2 Qxc6 37. g3 Kf7 38. Kg2 Ke7 39. g4 fxg4 40. hxg4 Rbxb4
41. cxb4 Qf6 42. Qb1 Qf3+ 43. Kg1 Qxg4+ 44. Kf1 Qh3+ 45. Kg1 Qg4+ 46. Kf1 Qh3+
47. Kg1 Nc3 48. Bxc3 Rxc3 49. Qb2 Rd3 50. Qg7+ Kd6 51. Qf8+ Ke5 52. Qe7+ Qe6
53. Qxc7+ Kf6 54. Qd8+ Kg7 55. Qc7+ Kh6 56. Qh2+ Kg7 57. Qc7+ Kf6 58. Qd8+ Qe7
59. Qh8+ Kg5 60. Kg2 Qf6 61. Qb8 Qf3+ 62. Kg1 Rd1+ 63. Kh2 Rh1# 0-1

[Event "La Tour du Roi/Reims"]
[Site "?"]
[Date "2015.01.11"]
[Round "4"]
[White "Pytel, Krystof"]
[Black "Massart, Jeremy"]
[Result "1-0"]
[WhiteElo "2295"]
[BlackElo "1940"]
[PlyCount "89"]
[EventDate "2015.01.14"]
[SourceDate "2015.01.14"]

1. e4 Nf6 2. e5 Nd5 3. d4 d6 4. f4 dxe5 5. fxe5 Bf5 6. Nf3 e6 7. Bd3 Bxd3 8.
Qxd3 Be7 9. O-O O-O 10. Qe4 c5 11. c4 Nb6 12. dxc5 Bxc5+ 13. Kh1 Be7 14. Nc3
N8d7 15. Qg4 Kh8 16. Be3 Qc7 17. b3 Nxe5 18. Qg3 Nbd7 19. Nb5 Qb8 20. Bf4 f6
21. Rad1 Qc8 22. Bxe5 fxe5 23. Nxe5 Rxf1+ 24. Rxf1 Nxe5 25. Qxe5 Bf6 26. Qe4 a6
27. Nd6 Qc6 28. Qxc6 bxc6 29. Re1 e5 30. Nf7+ Kg8 31. Nxe5 Bxe5 32. Rxe5 Rd8
33. g3 Kf7 34. Ra5 Ra8 35. Rc5 Rc8 36. b4 Ke6 37. Ra5 Ra8 38. b5 cxb5 39. cxb5
Kd6 40. Kg1 Kc7 41. Rxa6 Rxa6 42. bxa6 Kb6 43. Kf2 Kxa6 44. Ke3 Kb5 45. Kd4 1-0

[Event "La Tour du Roi/Reims"]
[Site "?"]
[Date "2015.01.11"]
[Round "4"]
[White "Magnier, C."]
[Black "Halfaoui, Eddine"]
[Result "0-1"]
[WhiteElo "1812"]
[BlackElo "1958"]
[PlyCount "50"]
[EventDate "2015.01.14"]
[SourceDate "2015.01.14"]

1. e4 e6 2. d4 d5 3. exd5 exd5 4. Nf3 Bd6 5. Bd3 Nc6 6. c3 Nge7 7. Qe2 Bg4 8.
b4 Qd7 9. Be3 O-O-O 10. a4 Nf5 11. a5 Rde8 12. b5 Ncxd4 13. cxd4 Nxd4 14. Qb2
Nxf3+ 15. gxf3 Bxf3 16. b6 Kb8 17. a6 cxb6 18. Bb5 Qe7 19. Qd4 Be5 20. Qa4 Bxa1
21. O-O Be5 22. axb7 Qf6 23. Rc1 d4 24. Bxe8 Bxb7 25. Bc6 dxe3 0-1

[Event "La Tour du Roi/Reims"]
[Site "?"]
[Date "2015.01.11"]
[Round "4"]
[White "Lassalle, Arnaud"]
[Black "Barat, Jacques"]
[Result "1-0"]
[WhiteElo "2045"]
[BlackElo "1792"]
[PlyCount "83"]
[EventDate "2015.01.14"]
[SourceDate "2015.01.14"]

1. e4 c5 2. Nf3 d6 3. d4 cxd4 4. Nxd4 Nf6 5. Nc3 a6 6. a4 e5 7. Nb3 Be7 8. Bc4
Nc6 9. O-O Bg4 10. f3 Be6 11. Nd5 Bxd5 12. Bxd5 Nxd5 13. Qxd5 Qb6+ 14. Kh1 Nb4
15. Qd1 O-O 16. c3 Nd3 17. Qxd3 Qxb3 18. Be3 Rac8 19. Rf2 Qc4 20. Rd2 Qxd3 21.
Rxd3 Rc4 22. b3 Rc6 23. c4 f5 24. Kg1 fxe4 25. fxe4 b6 26. Rf1 Rxf1+ 27. Kxf1
a5 28. Ke2 Kf7 29. Kf3 Ke6 30. g4 h6 31. Bf2 g5 32. Ke2 Kd7 33. Rh3 Bf8 34. Rf3
Ke7 35. h4 Bg7 36. hxg5 hxg5 37. Be3 Bf6 38. Rh3 Kd7 39. Rh7+ Ke8 40. Kf3 Kf8
41. Rb7 Bd8 42. Rb8 1-0

[Event "La Tour du Roi/Reims"]
[Site "?"]
[Date "2015.01.11"]
[Round "4"]
[White "Nawara, Abd El Rahim"]
[Black "Pytel, Bozena"]
[Result "0-1"]
[WhiteElo "1762"]
[BlackElo "1940"]
[PlyCount "100"]
[EventDate "2015.01.14"]
[SourceDate "2015.01.15"]

1. d4 f5 2. Nc3 g6 3. Nf3 Bg7 4. Bf4 Nf6 5. e3 d6 6. h3 O-O 7. Bd3 e6 8. g4 Qe7
9. Qe2 Nc6 10. Bg5 Nd8 11. e4 h6 12. Bxf6 Qxf6 13. e5 Qf7 14. g5 h5 15. O-O-O
d5 16. Nh4 Nc6 17. Bb5 Ne7 18. f4 c6 19. Ba4 b5 20. Bb3 a5 21. a3 Ba6 22. Qe3
Rfb8 23. Nb1 Bf8 24. Kd2 Nc8 25. Ke1 Nb6 26. Nd2 Rc8 27. Ba2 c5 28. Nb3 Nc4 29.
Qc1 b4 30. a4 Qe8 31. Na1 Kg7 32. b3 Nb6 33. Nf3 Nd7 34. Qe3 cxd4 35. Nxd4 Rc3
36. Rd3 Bxd3 37. cxd3 Bc5 38. Kd2 Rc8 39. Bb1 Bb6 40. Ke2 Qd8 41. h4 Nb8 42.
Kf3 Qd7 43. Qf2 Qa7 44. Nac2 Rxc2 45. Bxc2 Bxd4 46. Qe2 Rc3 47. Rb1 Nc6 48. Rc1
Bb6 49. Kg2 Nd4 50. Qd1 Qc7 0-1

[Event "La Tour du Roi/Reims"]
[Site "?"]
[Date "2015.01.11"]
[Round "4"]
[White "Fauchart, François"]
[Black "Jouniaux, Quentin"]
[Result "0-1"]
[WhiteElo "1709"]
[BlackElo "1688"]
[PlyCount "56"]
[EventDate "2015.01.14"]
[SourceDate "2015.01.15"]

1. d4 d5 2. Nf3 Nf6 3. Bf4 Bf5 4. Nbd2 e6 5. e3 Be7 6. Be2 O-O 7. h3 c5 8. c3
Nc6 9. O-O h6 10. g4 Bh7 11. Ne5 Nxe5 12. Bxe5 cxd4 13. exd4 Bd6 14. Nf3 Bxe5
15. Nxe5 Ne4 16. Bd3 Qh4 17. Kg2 f5 18. Nf3 Qe7 19. Ne5 fxg4 20. hxg4 Rf4 21.
f3 Raf8 22. Qe1 Qg5 23. Rh1 Rxf3 24. Bxe4 Bxe4 25. Nxf3 Rxf3 26. Qh4 Qd2+ 27.
Kg1 Qe3+ 28. Kh2 Rf2+ 0-1

[Event "La Tour du Roi/Reims"]
[Site "?"]
[Date "2015.01.11"]
[Round "4"]
[White "Caray, Jerome"]
[Black "Shaverdashvili, Irakli"]
[Result "1-0"]
[WhiteElo "1780"]
[BlackElo "1690"]
[PlyCount "85"]
[EventDate "2015.01.14"]
[SourceDate "2015.01.15"]

1. d4 d5 2. c4 e6 3. Nf3 Nf6 4. Bg5 Be7 5. Nc3 O-O 6. e3 b6 7. cxd5 exd5 8. Ne5
Bb7 9. Bd3 Nbd7 10. Qc2 h6 11. Bh4 Nxe5 12. dxe5 Nd7 13. Bg3 Bh4 14. f4 a6 15.
Qe2 Nc5 16. Bc2 Ne4 17. Qg4 Be7 18. Rd1 Nxc3 19. bxc3 c6 20. Qf5 g6 21. Qh3 Kh7
22. f5 Bc8 23. Bf4 Bg5 24. g4 Bxf4 25. exf4 Qe7 26. g5 h5 27. fxg6+ fxg6 28.
Qxh5+ Kg8 29. Qxg6+ Qg7 30. Qxg7+ Kxg7 31. Rf1 Bg4 32. f5 Bxd1 33. Kxd1 Rae8
34. e6 Rxe6 35. f6+ Kg8 36. h4 c5 37. h5 Re5 38. Bf5 d4 39. cxd4 cxd4 40. Kd2
d3 41. h6 Re2+ 42. Kxd3 Rxa2 43. Be6+ 1-0

[Event "La Tour du Roi/Reims"]
[Site "?"]
[Date "2015.01.11"]
[Round "4"]
[White "Louis, André"]
[Black "Benkirane, Nabil"]
[Result "0-1"]
[WhiteElo "1678"]
[BlackElo "1642"]
[PlyCount "102"]
[EventDate "2015.01.14"]
[SourceDate "2015.01.15"]

1. e4 e5 2. Nf3 Nc6 3. Bb5 a6 4. Bxc6 dxc6 5. O-O Bd6 6. d3 Bg4 7. h3 Bh5 8.
Be3 Qe7 9. Nbd2 Nf6 10. Re1 Bg6 11. c3 O-O-O 12. Nc4 c5 13. Qc2 h5 14. Bg5 Qe6
15. Rad1 Rd7 16. Ne3 h4 17. Nxh4 Rh5 18. Bxf6 Qxf6 19. Nhf5 Bxf5 20. Nxf5 g6
21. Ng3 Rh4 22. Re3 Rd8 23. Rf3 Qe6 24. Qd2 Rdh8 25. Nf1 Bf8 26. Qe2 Qg4 27.
Re3 Qg5 28. Rg3 Qe7 29. Nh2 Bh6 30. Nf3 Rh5 31. Nh2 Bf4 32. Rg4 Qd6 33. Qf3 f5
34. exf5 gxf5 35. Rg7 Qf6 36. Rg3 Bxg3 37. fxg3 Qb6 38. Rd2 c4+ 39. Qf2 Qxf2+
40. Kxf2 cxd3 41. Rxd3 Rd8 42. Ke3 Rh6 43. Nf3 e4 44. Rxd8+ Kxd8 45. Nh4 Rb6
46. b3 Rf6 47. Kf4 Ke7 48. Nxf5+ Rxf5+ 49. Kxf5 e3 50. Kf4 e2 51. Kf3 e1=Q 0-1

[Event "La Tour du Roi/Reims"]
[Site "?"]
[Date "2015.01.11"]
[Round "4"]
[White "François, Gwladys"]
[Black "Mondeel, Paul"]
[Result "1-0"]
[WhiteElo "1518"]
[BlackElo "1532"]
[PlyCount "77"]
[EventDate "2015.01.14"]
[SourceDate "2015.01.15"]

1. e4 d6 2. d4 Nf6 3. Nc3 g6 4. f3 Bg7 5. Be3 O-O 6. Bc4 a6 7. Nge2 b5 8. Bb3
Bb7 9. a3 Nbd7 10. O-O c5 11. dxc5 Nxc5 12. Ba2 Rc8 13. Rb1 Qc7 14. Nd5 Nxd5
15. Bxd5 Bxd5 16. Qxd5 Na4 17. c3 Nb6 18. Qd3 Nc4 19. Kh1 Nxe3 20. Qxe3 e6 21.
Rfd1 Rfd8 22. Rd3 Qe7 23. Rbd1 Rc5 24. Qxc5 dxc5 25. Rxd8+ Bf8 26. Ra8 Qh4 27.
Rdd8 Qe1+ 28. Ng1 Qb1 29. Rxf8+ Kg7 30. Rg8+ Kf6 31. Rxa6 Qxb2 32. Rb8 Qxc3 33.
Rxb5 Ke5 34. Raa5 Kd6 35. Rxc5 Qxc5 36. Rxc5 Kxc5 37. Ne2 Kc4 38. a4 Kb4 39.
Nc3 1-0

[Event "Epernay/ENHM"]
[Site "?"]
[Date "2015.01.11"]
[Round "4"]
[White "Puech, Armel"]
[Black "Moret, Florian"]
[Result "0-1"]
[WhiteElo "1848"]
[BlackElo "1950"]
[PlyCount "128"]
[EventDate "2015.01.14"]
[SourceDate "2015.01.17"]

1. e4 e5 2. Nf3 Nc6 3. Bc4 Bc5 4. c3 Nf6 5. d4 exd4 6. cxd4 Bb4+ 7. Bd2 Bxd2+
8. Nbxd2 d5 9. Bb5 O-O 10. e5 Nd7 11. O-O Nb6 12. Qc2 Ne7 13. Bd3 g6 14. Rfe1
Bf5 15. Nh4 Bxd3 16. Qxd3 Nc6 17. Ndf3 Qe7 18. Qe3 Kg7 19. Rad1 Nc4 20. Qe2
Rae8 21. b3 Nb6 22. Qd2 h6 23. Re2 Nd8 24. Rde1 Ne6 25. g3 c6 26. h3 Na8 27.
Qd3 Nac7 28. Nh2 Nb5 29. N4f3 h5 30. a4 Nbc7 31. Nh4 Ng5 32. Kg2 Qe6 33. g4 Rh8
34. N2f3 Ne4 35. g5 Qe7 36. Rxe4 dxe4 37. Qxe4 Ne6 38. Qe3 Rd8 39. Rd1 Rd5 40.
Kh2 Rhd8 41. Ng2 c5 42. Nf4 Nxf4 43. Qxf4 cxd4 44. Rxd4 Rxd4 45. Nxd4 Rd5 46.
Nf3 Qe6 47. Qe4 b6 48. Kg2 a5 49. Kh2 b5 50. Kg2 bxa4 51. bxa4 Rc5 52. Qe3 Rc4
53. Qa3 Qc6 54. Qd6 Rc3 55. Qd1 Ra3 56. e6 Qxe6 57. Qd4+ Kh7 58. Ng1 Qc6+ 59.
Kh2 Rxa4 60. Qa7 Qd6+ 61. Kg2 Qd5+ 62. Kh2 Ra1 63. Qe7 a4 64. h4 a3 0-1